Lázaro (Record no. 162068)
[ view plain ]
| 000 -LEADER | |
|---|---|
| campo de control de longitud fija | 00742nam a22002055i 4500 |
| 001 - NÚMERO DE CONTROL | |
| campo de control | 162068 |
| 003 - IDENTIFICADOR DE NÚMERO DE CONTROL | |
| campo de control | ES-MaACL |
| 005 - FECHA Y HORA DE LA ÚLTIMA TRANSACCIÓN | |
| campo de control | 20230906212424.0 |
| 008 - DATOS DE LONGITUD FIJA--INFORMACIÓN GENERAL | |
| campo de control de longitud fija | 940301s1882 sp |||| | spa d |
| 040 ## - FUENTE DE CATALOGACIÓN | |
| Centro catalogador/agencia de origen | AS |
| Lengua de catalogación | spa |
| 100 1# - ENTRADA PRINCIPAL--NOMBRE DE PERSONA | |
| Nombre de persona | Picón, Jacinto Octavio, |
| Fechas asociadas al nombre | 1852-1923 |
| 9 (RLIN) | 91875 |
| 245 10 - MENCIÓN DEL TÍTULO | |
| Título | Lázaro |
| Resto del título | : casi novela / |
| Mención de responsabilidad, etc. | por Jacinto Octavio Picón. |
| 260 ## - PUBLICACIÓN, DISTRIBUCIÓN, ETC. | |
| Lugar de publicación, distribución, etc. | Madrid : |
| Nombre del editor, distribuidor, etc. | Librería de Fernando Fé ; |
| Lugar de publicación, distribución, etc. | Sevilla : |
| Nombre del editor, distribuidor, etc. | Librería de Hijos de Fé, |
| Fecha de publicación, distribución, etc. | 1882. |
| 300 ## - DESCRIPCIÓN FÍSICA | |
| Extensión | 251 p. ; |
| Dimensiones | 15 cm. |
| 700 11 - ENTRADA AGREGADA--NOMBRE PERSONAL | |
| Nombre de persona | Fé, Fernando, |
| Término indicativo de función/relación | |
| 9 (RLIN) | 176453 |
| 752 ## - ENTRADA AGREGADA--NOMBRE JERÁRQUICO DEL LUGAR | |
| País o entidad superior | España - |
| Ciudad | , Madrid |
| 752 ## - ENTRADA AGREGADA--NOMBRE JERÁRQUICO DEL LUGAR | |
| País o entidad superior | España - |
| Ciudad | , Sevilla |
| 852 ## - LOCALIZACIÓN | |
| Ubicación | ES-MaACL |
| Número de control de estantería | G-15351 |
| Nota libre | -- Enc. pasta española |
| Encuadernación | -- Edic.: añadir en T260 (Imp. A. Pérez Dubrull) |
| Estatus retirado | Estado de pérdida | Estado de daño | No para préstamo | Colección | Biblioteca de origen | Biblioteca actual | Ubicación en estantería | Fecha de adquisición | Fuente de adquisición | Total de préstamos | Signatura topográfica completa | Código de barras | Visto por última vez | Precio de reemplazo | Tipo de ítem Koha |
|---|---|---|---|---|---|---|---|---|---|---|---|---|---|---|---|
| Libros del s. XIX | Biblioteca del Ateneo de Madrid | Biblioteca del Ateneo de Madrid | Sala Pecera Planta 3 | 17/01/2008 | G-15351 | 1169777 | 23/02/2023 | 23/02/2023 | Libro impreso antiguo |
